Hu gonchalu (Record no. 141482)

MARC details
000 -LEADER
fixed length control field 00528nam a2200205Ia 4500
003 - CONTROL NUMBER IDENTIFIER
control field OSt
005 - DATE AND TIME OF LATEST TRANSACTION
control field 20251120093842.0
008 - FIXED-LENGTH DATA ELEMENTS--GENERAL INFORMATION
fixed length control field 210210b1932 xxu||||| |||| 00| 0 eng d
040 ## - CATALOGING SOURCE
Transcribing agency AL
041 ## - LANGUAGE CODE
Language code of text/sound track or separate title Kannada
082 ## - DEWEY DECIMAL CLASSIFICATION NUMBER
Classification number 851/347
100 ## - MAIN ENTRY--PERSONAL NAME
Personal name MUDDANA
Dates associated with a name ಮುದ್ದಣ
9 (RLIN) 246460
245 ## - TITLE STATEMENT
Title Hu gonchalu
Remainder of title ಹೂ ಗೊಂಚಲು
260 ## - PUBLICATION, DISTRIBUTION, ETC.
Place of publication, distribution, etc. Kollapura
Name of publisher, distributor, etc. Karnataka Sangha
Date of publication, distribution, etc. 1932
650 ## - SUBJECT ADDED ENTRY--TOPICAL TERM
Topical term or geographic name entry element Hu
9 (RLIN) 246461
650 ## - SUBJECT ADDED ENTRY--TOPICAL TERM
Topical term or geographic name entry element gonchalu
9 (RLIN) 246462
690 ## - LOCAL SUBJECT ADDED ENTRY--TOPICAL TERM (OCLC, RLIN)
Topical term or geographic name as entry element Konkani Poetry
9 (RLIN) 246463
906 ## - LOCAL DATA ELEMENT F, LDF (RLIN)
a 018365
942 ## - ADDED ENTRY ELEMENTS (KOHA)
Source of classification or shelving scheme Dewey Decimal Classification
Koha item type Book
Holdings
Withdrawn status Lost status Source of classification or shelving scheme Damaged status Not for loan Collection code Home library Current library Shelving location Date acquired Cost, normal purchase price Total Checkouts Full call number Barcode Date last seen Price effective from Koha item type
    Dewey Decimal Classification     Kannada St Aloysius Library St Aloysius Library   02/17/2021 0.00   851/347 018365 02/17/2021 02/17/2021 Book